Contabilidad de gestión (Registro nro. 11277)
[ vista simple ]
| 000 -LEADER | |
|---|---|
| fixed length control field | 00291 a2200109 4500 |
| 001 - CONTROL NUMBER | |
| control field | ART_5898 |
| 005 - DATE AND TIME OF LATEST TRANSACTION | |
| control field | 20260410161618.0 |
| 008 - FIXED-LENGTH DATA ELEMENTS--GENERAL INFORMATION | |
| fixed length control field | 260409a |
| 100 1# - MAIN ENTRY--PERSONAL NAME | |
| Personal name | Smolje, Alejandro R. |
| 245 10 - TITLE STATEMENT | |
| Title | Contabilidad de gestión |
| 773 0# - HOST ITEM ENTRY | |
| Title | Enfoques |
| Related parts | - Nº 10 (oct. 2007) |
| Record control number | REV416 |
No hay ítems disponibles.